Ang Filibustirismo ni dr.jose rizal (Record no. 2465)

MARC details
000 -LEADER
fixed length control field 00426nam a22001697a 4500
003 - CONTROL NUMBER IDENTIFIER
control field 0
005 - DATE AND TIME OF LATEST TRANSACTION
control field 20220114142141.0
008 - FIXED-LENGTH DATA ELEMENTS--GENERAL INFORMATION
fixed length control field 0
020 ## - INTERNATIONAL STANDARD BOOK NUMBER
International Standard Book Number 9710807498
040 ## - CATALOGING SOURCE
Transcribing agency 0
050 ## - LIBRARY OF CONGRESS CALL NUMBER
Classification number PQ8897
Item number .D3219 1996
100 ## - MAIN ENTRY--PERSONAL NAME
Personal name De Guzman,Maria Odulio
245 ## - TITLE STATEMENT
Title Ang Filibustirismo ni dr.jose rizal
Statement of responsibility, etc. Maria Odulio De Guzman
260 ## - PUBLICATION, DISTRIBUTION, ETC.
Place of publication, distribution, etc. mandaluyong City:
Name of publisher, distributor, etc. National Bookstore;
Date of publication, distribution, etc. c1996.
300 ## - PHYSICAL DESCRIPTION
Extent 372pages:
Dimensions 20 cm.
942 ## - ADDED ENTRY ELEMENTS (KOHA)
Source of classification or shelving scheme Library of Congress Classification
Koha item type Filipiniana
Holdings
Withdrawn status Source of classification or shelving scheme Damaged status Not for loan Home library Current library Date acquired Total Checkouts Full call number Barcode Date last seen Price effective from Koha item type
  Library of Congress Classification     Cainta College Library Cainta College Library 03/26/2018   PQ8897.D3219 1996 URSCAI-4132 03/26/2018 03/26/2018 Filipiniana

University of Rizal System
Email us at univlibservices@urs.edu.ph

Visit our Website www.urs.edu.ph/library